You'd be home now / (Record no. 128978)
[ view plain ]
| 000 -LEADER | |
|---|---|
| fixed length control field | 01604nam a2200421 a 4500 |
| 001 - CONTROL NUMBER | |
| control field | fol20516579 |
| 003 - CONTROL NUMBER IDENTIFIER | |
| control field | ICrlF |
| 005 - DATE AND TIME OF LATEST TRANSACTION | |
| control field | 20250904223930.0 |
| 008 - FIXED-LENGTH DATA ELEMENTS--GENERAL INFORMATION | |
| fixed length control field | 200918t20222021nyu d 000 1 eng d |
| 020 ## - INTERNATIONAL STANDARD BOOK NUMBER | |
| International Standard Book Number | 9780525708070 |
| 035 ## - SYSTEM CONTROL NUMBER | |
| System control number | (ICrlF)1736FZ |
| 040 ## - CATALOGING SOURCE | |
| Original cataloging agency | ICrlF |
| Language of cataloging | eng |
| Transcribing agency | ICrlF |
| Modifying agency | ICrlF |
| 050 #4 - LIBRARY OF CONGRESS CALL NUMBER | |
| Classification number | PZ7.1.G587 |
| Item number | Yo 2022 |
| 082 04 - DEWEY DECIMAL CLASSIFICATION NUMBER | |
| Classification number | [Fic] |
| Edition number | 23 |
| 100 1# - MAIN ENTRY--PERSONAL NAME | |
| Personal name | Glasgow, Kathleen, |
| Dates associated with a name | 1969- |
| 9 (RLIN) | 41005 |
| 245 10 - TITLE STATEMENT | |
| Title | You'd be home now / |
| Statement of responsibility, etc | Kathleen Glasgow. |
| 246 3# - VARYING FORM OF TITLE | |
| Title proper/short title | You would be home now |
| 250 ## - EDITION STATEMENT | |
| Edition statement | 1st Ember ed. |
| 260 ## - PUBLICATION, DISTRIBUTION, ETC. (IMPRINT) | |
| Place of publication, distribution, etc | New York : |
| Name of publisher, distributor, etc | Ember, |
| Date of publication, distribution, etc | 2022. |
| 260 ## - PUBLICATION, DISTRIBUTION, ETC. (IMPRINT) | |
| Date of publication, distribution, etc | �2021 |
| 300 ## - PHYSICAL DESCRIPTION | |
| Extent | 387 p. ; |
| Dimensions | 21 cm. |
| 510 3# - CITATION/REFERENCES NOTE | |
| Name of source | School Library Journal starred, August 2021 |
| 510 3# - CITATION/REFERENCES NOTE | |
| Name of source | Booklist starred, August 2021 |
| 510 3# - CITATION/REFERENCES NOTE | |
| Name of source | Publishers Weekly, August 2021 |
| 510 3# - CITATION/REFERENCES NOTE | |
| Name of source | Kirkus Starred, July 2021 |
| 520 ## - SUMMARY, ETC. | |
| Summary, etc | "After a fatal car accident that reveals Emory's brother Joey's opioid addiction, Emory struggles to help him on his road to recovery and make herself heard in a town that insists on not listening"--OCLC. |
| 521 2# - TARGET AUDIENCE NOTE | |
| Target audience note | Young Adult |
| Source | Follett School Solutions. |
| 521 8# - TARGET AUDIENCE NOTE | |
| Target audience note | HL570 |
| Source | Lexile. |
| 650 #0 - SUBJECT ADDED ENTRY--TOPICAL TERM | |
| Topical term or geographic name as entry element | Siblings |
| Form subdivision | Juvenile fiction. |
| 9 (RLIN) | 40489 |
| 650 #0 - SUBJECT ADDED ENTRY--TOPICAL TERM | |
| Topical term or geographic name as entry element | Drug abuse |
| Form subdivision | Juvenile fiction. |
| 650 #0 - SUBJECT ADDED ENTRY--TOPICAL TERM | |
| Topical term or geographic name as entry element | Self-confidence |
| Form subdivision | Juvenile fiction. |
| 650 #1 - SUBJECT ADDED ENTRY--TOPICAL TERM | |
| Topical term or geographic name as entry element | Siblings |
| Form subdivision | Fiction. |
| 9 (RLIN) | 18771 |
| 650 #1 - SUBJECT ADDED ENTRY--TOPICAL TERM | |
| Topical term or geographic name as entry element | Drug abuse |
| Form subdivision | Fiction. |
| 650 #1 - SUBJECT ADDED ENTRY--TOPICAL TERM | |
| Topical term or geographic name as entry element | Self-confidence |
| Form subdivision | Fiction. |
| 655 #7 - INDEX TERM--GENRE/FORM | |
| Genre/form data or focus term | Social problem fiction. |
| Source of term | lcgft |
| 940 ## - EQUIVALENCE OR CROSS-REFERENCE--UNIFORM TITLE [OBSOLETE] [CAN/MARC only] | |
| -- | Young Adult |
| Date of treaty signing | 10/25/24 |
| Version | School Library Journal starred, August 2021 |
| -- | Booklist starred, August 2021 |
| -- | Publishers Weekly, August 2021 |
| -- | FSS |
| 942 ## - ADDED ENTRY ELEMENTS (KOHA) | |
| Koha item type | Book |
| Withdrawn status | Lost status | Source of classification or shelving scheme | Damaged status | Not for loan | Home library | Current library | Shelving location | Date acquired | Total Checkouts | Full call number | Barcode | Checked out | Date last seen | Date checked out | Cost, replacement price | Price effective from | Koha item type |
|---|---|---|---|---|---|---|---|---|---|---|---|---|---|---|---|---|---|
| Available | Dewey Decimal Classification | Martha's Vineyard High School Library | Martha's Vineyard High School Library | 11/07/2024 | 1 | FIC/GLA | 39844500061591 | 10/03/2025 | 09/12/2025 | 09/12/2025 | 20.00 | 11/07/2024 | Book |
